|
|
|
|
| LEADER |
00000nam0a2200000 4500 |
| 001 |
33599 |
| 005 |
20231030215101.0 |
| 035 |
|
|
|a (RuTPU)RU\TPU\book\33954
|
| 035 |
|
|
|a BOOK00000605
|
| 090 |
|
|
|a 33599
|
| 100 |
|
|
|a 20011210d1985 m y0 y50 ca
|
| 101 |
0 |
|
|a rus
|
| 102 |
|
|
|a RU
|
| 105 |
|
|
|a a j 000zy
|
| 200 |
1 |
|
|a Теория электрических аппаратов
|e учебное пособие
|f под ред. Г. Н. Александрова
|
| 210 |
|
|
|a Москва
|c Высшая школа
|d 1985
|
| 215 |
|
|
|a 312 с.
|c ил.
|
| 610 |
1 |
|
|a электрические аппараты
|
| 610 |
1 |
|
|a теория
|
| 610 |
1 |
|
|a физические процессы
|
| 610 |
1 |
|
|a учебные пособия
|
| 675 |
|
|
|a 621.31.002.5(075.8)
|v 3
|
| 702 |
|
1 |
|a Александров
|b Г. Н.
|g Георгий Николаевич
|4 340
|
| 801 |
|
0 |
|a RU
|b 63413507
|c 20011210
|g PSBO
|
| 801 |
|
2 |
|a RU
|b 63413507
|c 20201008
|g PSBO
|
| 900 |
|
|
|a Специальные электрические аппараты
|
| 900 |
|
|
|a Электрические аппараты управления
|
| 900 |
|
|
|a Электрические аппараты высокого напряжения
|
| 900 |
|
|
|a Основы теории электрических аппаратов
|
| 942 |
|
|
|c BK
|